000 00745cas a2200217 a 4500
022 _a0014-8059
040 _cCOO
082 _a630 VOL 2005 C275 Or.
245 0 0 _aFarm management
246 1 _aJournal of farm management
300 _avolumes :
_billustrations ;
_c22-25 cm
500 _aPlace of publication varies
500 _aDescription based on: Vol. 2, no. 2 (spring 1972); title from cover
500 _aLatest issue consulted: Vol. 12, no. 1 (July 2004)
650 0 _aFarm management
650 0 _aFarm management
710 2 _aFarm Management Association (Great Britain)
710 2 _aCentre of Management in Agriculture (Great Britain)
710 2 _aInstitute of Agricultural Management (Great Britain)
942 _cAEDBB
999 _c21261
_d21261